[Event "FICGS W-ch st1 g07 email"]
[Site "FICGS email"]
[Date "2011.04.01"]
[Round "1"]
[White "Belton, Gary"]
[Black "Bernal Varela, Nelson"]
[Result "1/2-1/2"]
[WhiteElo "1800"]
[BlackElo "2103"]
[PlyCount "89"]
[EventDate "2011.??.??"]
[EventType "tourn (corr)"]
[EventRounds "8"]
[SourceTitle "Corr 2013"]
[Source "ChessBase"]
[SourceDate "2012.11.12"]
[SourceVersion "1"]
[SourceVersionDate "2012.11.12"]
[SourceQuality "1"]

1. e4 c5 2. Nf3 d6 3. d4 cxd4 4. Nxd4 Nf6 5. Nc3 a6 6. h3 e5 7. Nde2 Be6 8. g4 h6 9. Bg2 Nbd7 10. Ng3 g6 11. Nd5 h5 12. g5 Bxd5 13. exd5 h4 14. Ne4 Nxe4 15. Bxe4 Nc5 16. Bf3 Bg7 17. 0-0 Rc8 18. Rb1 0-0 19. Bg2 Qd7 20. Qg4 Qf5 21. Be3 Qxc2 22. Rfc1 Qf5 23. Qxh4 f6 24. gxf6 Bxf6 25. Qg4 Kg7 26. b3 Nd3 27. Rc4 b5 28. Rc6 Nb4 29. Qxf5 gxf5 30. Rxd6 Rfd8 31. Rxd8 Rxd8 32. Bd2 Nd3 33. Kf1 Rc8 34. Ke2 e4 35. Rg1 Kf8 36. f3 Rc2 37. fxe4 Bg5 38. Kxd3 Rxd2+ 39. Kc3 Rxa2 40. Bf3 fxe4 41. Rxg5 exf3 42. Rf5+ Ke7 43. Rxf3 Kd6 44. h4 a5 45. Rd3 1/2-1/2